| 000 | 00627nam a2200229Ia 4500 | ||
|---|---|---|---|
| 003 | OSt | ||
| 005 | 20221006164956.0 | ||
| 006 | a|||||r|||| 00| 0 | ||
| 007 | ta | ||
| 008 | 221006b |||||||| |||| 00| 0 hin d | ||
| 024 | _a5,842 | ||
| 037 | _cTextual | ||
| 040 |
_aFML _cFML _bhin |
||
| 041 |
_2hin _ahin |
||
| 082 | _adelta2v, L4 | ||
| 100 | _aSharma Suman Au. | ||
| 245 | 0 | _aMadhyakaleen Bhakti Andolan Ki Samajik Vivechana | |
| 260 |
_aVaranasi _bVishvavidyalaya Prakashan India _c1974 |
||
| 300 |
_a259 _ccm. |
||
| 942 |
_hdelta2v, L4 _cTEXL _2CC |
||
| 999 |
_c1119142 _d1119142 |
||